00953na a2200265 450000100060000000300080000600500170001400800410003102000180007203500100009004000250010004100080012508200260013310000240015924500900018324600340027325000190030726000360032630000190036249000260038150000550040765000650046265000680052785600920059516864MIRAKIL20190222171650.0161015b tu 000 0  a9786055757250 a16864 aMilasbturcTR-AnCHP atur a342.090263bB23y 2009 aBağ, Cemald1947- aYeni belediye il özel idaresi mevzuatıb539 soru ve yanıt, tam metincCemal Bağ a539 soru ve yanıt, tam metin agnşl. 7. bs. aİzmirbEtki Yayınlarıc2009 a310 s.c20 sm. aEtki yayınlarıv358 aEser adı başında: En son değişiklikler ile aYerel yönetimlerxBelediyeleryTürkiyezHukuk ve mevzuat aİdare hukukuxYerel yönetimleryTürkiyezHukuk ve mevzuat zDijital Nüshası için Partimizin Kütüphane Sorumlusu ile iletişime geçiniz.